| 000 | 00871cab a2200301 4500 | ||
|---|---|---|---|
| 001 | WB3026-04 | ||
| 008 | 090401t1994 xxu||||| |||| 00| 0 eng d | ||
| 035 | _a(Sirsi) u78043 | ||
| 041 | _aeng | ||
| 245 | _aNHBC fury at rival warranty | ||
| 260 | _c1994 | ||
| 350 | _a0 | ||
| 490 |
_aContract Journal _v374(5981) 30 June 1994, 8(1) |
||
| 520 | _aReigate and Banstead BC is promoting use of the Zurich insurance scheme among developers in preference to the NHBC guarantee. | ||
| 650 | _aBUILDMARK | ||
| 650 | _aHOUSE BUILDING | ||
| 650 | _aLOCAL AUTHORITIES | ||
| 650 | _aNHBC | ||
| 650 | _aNHBC | ||
| 650 | _aREIGATE AND BANSTEAD BC | ||
| 650 | _aSTRUCTURAL WARRANTIES | ||
| 650 | _aWARRANTIES | ||
| 650 | _aWARRANTY SCHEMES | ||
| 650 | _aZURICH INSURANCE | ||
| 690 | _aBUILT ENVIRONMENT-BUILDING PATHOLOGY | ||
| 942 | _n0 | ||
| 948 | _c04/03/1997 | ||
| 999 |
_c49097 _d49097 |
||